| 000 | 01846cam a2200385 a 4500 | ||
|---|---|---|---|
| 001 | 8490 | ||
| 003 | BD-RjUL | ||
| 005 | 20211208234610.0 | ||
| 008 | 140118s1972 enk b 001 0 eng d | ||
| 020 | _a0521083540 | ||
| 035 |
_a(BD-RjUL)8535 _a(OCoLC)482355 |
||
| 040 |
_aLC _beng _cLC _dLC _dANL _dBD-RjUL |
||
| 041 | _aeng | ||
| 082 | 0 | 0 |
_a519.2 _bROC 1972 |
| 100 | 1 |
_aRoussas, George G. _926444 |
|
| 245 | 1 | 0 |
_aContiguity of probability measures: _cby George G. Roussas. _bsome applications in statistics / |
| 260 |
_aCambridge [Eng.] : _bUniversity Press, _c1972. |
||
| 300 |
_axiii, 248 p. ; _c23 cm. |
||
| 490 | 1 |
_aCambridge tracts in mathematics and mathematical physics ; _v63 |
|
| 504 | _aIndex: p. 240-245. | ||
| 504 | _aBibliography: p. 240-245. | ||
| 505 | 0 | 0 | _aMachine derived contents note: 1. On the concept of contiguity and related theorems; 2. Asymptotic expansion and asymptotic distribution of likelihood functions; 3. Approximation of a given family of probability measures by an exponential family - asymptotic sufficiency; 4. Some statistical applications: AUMP and AUMPU tests for certain testing hypotheses problems; 5. Some statistical applications: asymptotic efficiency of estimates; 6. Multiparameter asymptotically optimal tests. |
| 650 | 0 |
_aProbability measures. _920989 |
|
| 650 | 0 |
_aMathematical statistics. _926445 |
|
| 653 |
_aProbabilities _aContiguity |
||
| 830 | 0 |
_vno. 63. _926450 |
|
| 830 | 0 |
_aCambridge tracts in mathematics and mathematical physics ; _926451 |
|
| 856 | 4 | 2 |
_3Publisher description _uhttp://www.loc.gov/catdir/enhancements/fy0838/71171682-d.html |
| 856 | 4 | 1 |
_3Table of contents only _uhttp://www.loc.gov/catdir/enhancements/fy0838/71171682-t.html |
| 942 |
_2ddc _cBK |
||
| 999 |
_c8490 _d8490 |
||